[Event "English Womens Open Championship"]
[Site "Kenilworth"]
[Date "2023.05.28"]
[Round "6.10"]
[White "Milewska, Agnieszka"]
[Black "Gamal, Alaa"]
[Result "1/2-1/2"]
[WhiteElo "1643"]
[BlackElo "1752"]
[PlyCount "56"]
[EventDate "2023.05.26"]
[EventType "swiss"]
[EventRounds "7"]
[EventCountry "ENG"]
[SourceTitle "BritBase"]
[Source "John Saunders"]
[SourceDate "2023.05.30"]
[SourceVersion "1"]
[SourceVersionDate "2023.05.30"]
[SourceQuality "1"]

1. d4 d5 2. Nf3 Nf6 3. Bf4 e6 4. e3 Bd6 5. Bg3 Bxg3 6. hxg3 c5 7. c4 Qa5+ 8.
Nc3 Nc6 9. dxc5 Ne4 10. Qc1 dxc4 11. Bxc4 Qb4 12. Bb5 Nf6 13. Bxc6+ bxc6 14.
Nd4 Qxc5 15. Nce2 Qb4+ 16. Qc3 c5 17. Nc2 Qb5 18. Na3 Qb4 19. Rc1 Nd5 20. Qxb4
Nxb4 21. Rc3 Ba6 22. Nc1 O-O 23. Nc4 Nd5 24. Rc2 Nb4 25. Rc3 Rfd8 26. O-O Bxc4
27. Rxc4 Rd2 28. a3 Nd5 1/2-1/2

[Event "English Womens Open Championship"]
[Site "Kenilworth"]
[Date "2023.05.28"]
[Round "6.11"]
[White "Sengenberger, Sara"]
[Black "Gorrepati, Soumya"]
[Result "0-1"]
[WhiteElo "1415"]
[BlackElo "1612"]
[PlyCount "62"]
[EventDate "2023.05.26"]
[EventType "swiss"]
[EventRounds "7"]
[EventCountry "ENG"]
[SourceTitle "BritBase"]
[Source "John Saunders"]
[SourceDate "2023.05.30"]
[SourceVersion "1"]
[SourceVersionDate "2023.05.30"]
[SourceQuality "1"]

1. e4 c5 2. Nc3 Nc6 3. f4 g6 4. Nf3 Bg7 5. Bc4 e6 6. d3 a6 7. O-O Nge7 8. Qe1
O-O 9. g4 d5 10. Bb3 Nd4 11. Nxd4 Bxd4+ 12. Kh1 b5 13. Ne2 dxe4 14. Nxd4 Qxd4
15. Be3 Qd6 16. Rd1 exd3 17. h3 Bb7+ 18. Kh2 Qc6 19. Rf2 c4 20. Bxc4 bxc4 21.
cxd3 cxd3 22. Rxd3 Nd5 23. Bd2 Rac8 24. Qg1 Rfd8 25. a3 Qc4 26. Rg3 Nf6 27. Qe1
Ne4 28. Bc3 Nxc3 29. Rxc3 Qe4 30. Re3 Qd5 31. Rd2 Qxd2+ 0-1

[Event "English Womens Open Championship"]
[Site "Kenilworth"]
[Date "2023.05.29"]
[Round "7.1"]
[White "Varney, Zoe"]
[Black "Toma, Katarzyna"]
[Result "0-1"]
[WhiteElo "1974"]
[BlackElo "2254"]
[PlyCount "92"]
[EventDate "2023.05.26"]
[EventType "swiss"]
[EventRounds "7"]
[EventCountry "ENG"]
[SourceTitle "BritBase"]
[Source "John Saunders"]
[SourceDate "2023.05.30"]
[SourceVersion "1"]
[SourceVersionDate "2023.05.30"]
[SourceQuality "1"]

1. Nf3 c5 2. e3 Nf6 3. b3 e6 4. Bb2 b6 5. g3 Bb7 6. Bg2 Be7 7. O-O O-O 8. Qe2
d6 9. c4 Nbd7 10. Rd1 Qc7 11. Nc3 a6 12. d4 Rfe8 13. Rac1 Rac8 14. e4 cxd4 15.
Nxd4 Qb8 16. h4 Bf8 17. Re1 Qa8 18. g4 h5 19. g5 Ng4 20. Bh3 d5 21. cxd5 exd5
22. f3 Nge5 23. f4 Ng4 24. Bxg4 hxg4 25. Qxg4 dxe4 26. Nf5 Re6 27. Ne2 Rxc1 28.
Rxc1 g6 29. Nfd4 Rd6 30. h5 Nc5 31. Ba1 Qd8 32. Qh4 Bg7 33. h6 Bxd4+ 34. Nxd4
Kh7 35. Rc4 e3 36. f5 gxf5 37. Qf4 Be4 38. Bc3 Rg6 39. Kf1 Rxg5 40. Qe5 Bd3+
41. Ne2 Bxc4 42. Bd4 Bxe2+ 43. Kxe2 Ne6 44. Bxe3 Rh5 45. Bf2 Qg5 46. Qb8 Qg4+
0-1

[Event "English Womens Open Championship"]
[Site "Kenilworth"]
[Date "2023.05.29"]
[Round "7.2"]
[White "Hryshchenko, Kamila"]
[Black "Rida, Ruqayyah"]
[Result "1-0"]
[WhiteElo "2169"]
[BlackElo "1842"]
[PlyCount "85"]
[EventDate "2023.05.26"]
[EventType "swiss"]
[EventRounds "7"]
[EventCountry "ENG"]
[SourceTitle "BritBase"]
[Source "John Saunders"]
[SourceDate "2023.05.30"]
[SourceVersion "1"]
[SourceVersionDate "2023.05.30"]
[SourceQuality "1"]

1. e4 e5 2. Bc4 Nc6 3. Nc3 Nf6 4. d3 Bc5 5. Nf3 O-O 6. a3 a6 7. Bg5 h6 8. Bh4
Be7 9. h3 d6 10. Bxf6 Bxf6 11. Nd5 Be6 12. Ne3 Ne7 13. Ng4 Bxg4 14. hxg4 d5 15.
exd5 Nxd5 16. g5 hxg5 17. Nd2 g6 18. Qg4 Nf4 19. g3 Nh5 20. Ne4 Kg7 21. O-O-O
Rh8 22. Qf3 Qe7 23. Rh2 b5 24. Ba2 a5 25. Rdh1 b4 26. a4 Rad8 27. Bc4 Rdf8 28.
Kb1 Qd8 29. Qe3 Qe7 30. Qe2 Qd8 31. Qe3 Be7 32. Nd2 Bf6 33. Ne4 Be7 34. Qa7 f5
35. Nd2 Qd6 36. Nb3 Ra8 37. Qe3 g4 38. Qe2 Bf6 39. Qd1 Rad8 40. Qc1 f4 41. Qd1
f3 42. Qe1 Rhe8 43. Qe4 1-0

[Event "English Womens Open Championship"]
[Site "Kenilworth"]
[Date "2023.05.29"]
[Round "7.3"]
[White "Kueh, Audrey"]
[Black "Longson, Sarah N"]
[Result "1-0"]
[WhiteElo "2129"]
[BlackElo "2031"]
[PlyCount "91"]
[EventDate "2023.05.26"]
[EventType "swiss"]
[EventRounds "7"]
[EventCountry "ENG"]
[SourceTitle "BritBase"]
[Source "John Saunders"]
[SourceDate "2023.05.30"]
[SourceVersion "1"]
[SourceVersionDate "2023.05.30"]
[SourceQuality "1"]

1. e4 e5 2. Nf3 Nc6 3. c3 Nf6 4. d4 Nxe4 5. Bd3 d5 6. Nxe5 Nxe5 7. dxe5 Qh4 8.
O-O Bc5 9. Qe1 Bd7 10. Be3 Bb6 11. c4 d4 12. Bc1 Nc5 13. Be2 d3 14. Bf3 Qxc4
15. b4 Ne6 16. Bxb7 Rb8 17. Be4 Bd4 18. Nd2 Qc2 19. Rb1 Nf4 20. Kh1 Be6 21. b5
Bxa2 22. Rb4 Ne2 23. Bc6+ Kf8 24. Ne4 Bxe5 25. Ba3 Kg8 26. f3 f5 27. Qf2 Nd4
28. Rxd4 Qxf2 29. Rxf2 Bxd4 30. Rxa2 Rd8 31. Be7 fxe4 32. Bxd8 e3 33. Bd5+ Kf8
34. Bc4 e2 35. Bh4 Bc3 36. Bxd3 e1=Q+ 37. Bxe1 Bxe1 38. Rxa7 Ke7 39. Rxc7+ Kd6
40. Rxg7 Kc5 41. Rxh7 Rd8 42. Rh5+ Kb6 43. Be2 Rd2 44. Re5 Rb2 45. g3 Bc3 46.
Re6+ 1-0

[Event "English Womens Open Championship"]
[Site "Kenilworth"]
[Date "2023.05.29"]
[Round "7.4"]
[White "Dicen, Elis Denele"]
[Black "Pert, Nina P"]
[Result "1/2-1/2"]
[WhiteElo "1925"]
[BlackElo "1999"]
[PlyCount "118"]
[EventDate "2023.05.26"]
[EventType "swiss"]
[EventRounds "7"]
[EventCountry "ENG"]
[SourceTitle "BritBase"]
[Source "John Saunders"]
[SourceDate "2023.05.30"]
[SourceVersion "1"]
[SourceVersionDate "2023.05.30"]
[SourceQuality "1"]

1. d4 d5 2. Nf3 e6 3. Bg5 f6 4. Bh4 Bd6 5. e3 Ne7 6. c4 c6 7. Nc3 Nd7 8. Bd3
Nf8 9. Qc2 Nfg6 10. Bg3 f5 11. Ne2 a6 12. c5 Bc7 13. Nf4 Rb8 14. Rc1 O-O 15.
O-O Nxf4 16. Bxf4 Ng6 17. Bxc7 Qxc7 18. Qc3 Bd7 19. b3 Rbe8 20. Ne5 Nxe5 21.
dxe5 f4 22. exf4 Rxf4 23. g3 Rf7 24. f4 Ref8 25. Qd4 Rb8 26. Kg2 Qa5 27. Rf2 g6
28. b4 Qc7 29. a3 a5 30. Rfc2 Rff8 31. h4 b6 32. cxb6 Rxb6 33. b5 Qb7 34. a4
Rc8 35. Qc5 Kf7 36. Kh2 Ra8 37. Qd4 Re8 38. Rc5 Re7 39. bxc6 Rxc6 40. Bb5 Rxc5
41. Qxc5 h6 42. Rb1 Qa8 43. Qd6 Qc8 44. Rb2 Qc3 45. Rg2 Bxb5 46. axb5 a4 47.
Qa6 Qb3 48. b6 a3 49. Rf2 d4 50. h5 d3 51. hxg6+ Kg7 52. f5 exf5 53. b7 Rxb7
54. Qf6+ Kg8 55. Qxf5 Rb8 56. e6 Qb7 57. Qxd3 Qe7 58. Qc4 Rb2 59. Rxb2 axb2
1/2-1/2

[Event "English Womens Open Championship"]
[Site "Kenilworth"]
[Date "2023.05.29"]
[Round "7.5"]
[White "Subramanian, Anusha"]
[Black "Maton, Emily"]
[Result "1-0"]
[WhiteElo "1858"]
[BlackElo "1766"]
[PlyCount "65"]
[EventDate "2023.05.26"]
[EventType "swiss"]
[EventRounds "7"]
[EventCountry "ENG"]
[SourceTitle "BritBase"]
[Source "John Saunders"]
[SourceDate "2023.05.30"]
[SourceVersion "1"]
[SourceVersionDate "2023.05.30"]
[SourceQuality "1"]

1. e4 c5 2. c3 Nf6 3. e5 Nd5 4. d4 cxd4 5. cxd4 d6 6. Nf3 Nb6 7. Nc3 dxe5 8.
Nxe5 N8d7 9. Bb5 a6 10. Qf3 Qc7 11. Qxf7+ Kd8 12. Bxd7 Nxd7 13. Qd5 Ke8 14.
Qf7+ Kd8 15. Nd5 Qd6 16. O-O Nf6 17. Nf4 Rg8 18. Qxg8 Nxg8 19. Nf7+ Kd7 20.
Nxd6 exd6 21. Re1 Nf6 22. Ne6 Be7 23. Nxg7 Kd8 24. Bg5 Nd5 25. Bxe7+ Nxe7 26.
Ne6+ Bxe6 27. Rxe6 Kd7 28. Rae1 Nf5 29. d5 Rg8 30. Rf6 Nh4 31. Rf7+ Kd8 32. g3
h5 33. Re6 1-0

[Event "English Womens Open Championship"]
[Site "Kenilworth"]
[Date "2023.05.29"]
[Round "7.6"]
[White "Sivanandan, Bodhana"]
[Black "Latypova, Olga L"]
[Result "1-0"]
[WhiteElo "1792"]
[BlackElo "1780"]
[PlyCount "79"]
[EventDate "2023.05.26"]
[EventType "swiss"]
[EventRounds "7"]
[EventCountry "ENG"]
[SourceTitle "BritBase"]
[Source "John Saunders"]
[SourceDate "2023.05.30"]
[SourceVersion "1"]
[SourceVersionDate "2023.05.30"]
[SourceQuality "1"]

1. e4 c5 2. Nc3 e6 3. Nge2 Nc6 4. g3 g6 5. d4 cxd4 6. Nxd4 a6 7. Nxc6 dxc6 8.
Qxd8+ Kxd8 9. Bf4 Be7 10. O-O-O+ Ke8 11. e5 f6 12. Ne4 f5 13. Nd6+ Bxd6 14.
Rxd6 Ne7 15. Bc4 Kf7 16. Rhd1 h6 17. Be3 b5 18. Bb3 a5 19. a4 Rb8 20. Bc5 g5
21. Rd8 Re8 22. Bxe7 Kxe7 23. Rxe8+ Kxe8 24. Rd6 Ke7 25. Rxc6 Bd7 26. Rc7 Kd8
27. Ra7 bxa4 28. Bc4 Rb4 29. Bd3 Bb5 30. Rxa5 Bxd3 31. cxd3 Rd4 32. Kc2 f4 33.
Kc3 fxg3 34. fxg3 Rd7 35. Rxa4 Ke7 36. Rc4 Kf7 37. b4 Kg6 38. g4 h5 39. h3 Rf7
40. b5 1-0

[Event "English Womens Open Championship"]
[Site "Kenilworth"]
[Date "2023.05.29"]
[Round "7.7"]
[White "Hariharan, Shambavi"]
[Black "Jayawarna, Thisumi"]
[Result "1/2-1/2"]
[WhiteElo "1523"]
[BlackElo "1500"]
[PlyCount "40"]
[EventDate "2023.05.26"]
[EventType "swiss"]
[EventRounds "7"]
[EventCountry "ENG"]
[SourceTitle "BritBase"]
[Source "John Saunders"]
[SourceDate "2023.05.30"]
[SourceVersion "1"]
[SourceVersionDate "2023.05.30"]
[SourceQuality "1"]

1. d4 Nf6 2. c4 c5 3. d5 e6 4. Nc3 exd5 5. cxd5 d6 6. Nf3 g6 7. g3 Bg7 8. Bg2
O-O 9. O-O Re8 10. Re1 Na6 11. e4 Nc7 12. a4 b6 13. Bf4 a6 14. Rb1 b5 15. axb5
axb5 16. b4 Nh5 17. Bd2 c4 18. Qc1 Bb7 19. Bh6 Qd7 20. Bxg7 Kxg7 1/2-1/2

[Event "English Womens Open Championship"]
[Site "Kenilworth"]
[Date "2023.05.29"]
[Round "7.8"]
[White "Weersing, Abigail R"]
[Black "Gorrepati, Soumya"]
[Result "1-0"]
[WhiteElo "1932"]
[BlackElo "1612"]
[PlyCount "101"]
[EventDate "2023.05.26"]
[EventType "swiss"]
[EventRounds "7"]
[EventCountry "ENG"]
[SourceTitle "BritBase"]
[Source "John Saunders"]
[SourceDate "2023.05.30"]
[SourceVersion "1"]
[SourceVersionDate "2023.05.30"]
[SourceQuality "1"]

1. d4 d5 2. c4 c6 3. Nf3 Nf6 4. Nc3 e6 5. Bg5 h6 6. Bh4 Nbd7 7. e3 Bb4 8. Qc2
Qa5 9. Nd2 O-O 10. Bd3 dxc4 11. Nxc4 Qh5 12. Bg3 b5 13. Ne5 Nxe5 14. dxe5 Nd5
15. O-O Nxc3 16. bxc3 Ba5 17. Be4 Bb7 18. c4 Rac8 19. Rad1 Rc7 20. c5 Ba6 21.
Rd4 b4 22. Rb1 Qe2 23. Qxe2 Bxe2 24. Rd6 Bb5 25. f4 Rcc8 26. Be1 Bc7 27. Bxb4
Bxd6 28. exd6 Rfd8 29. Ba5 Rd7 30. Rb4 f5 31. Bf3 Kf7 32. e4 Bd3 33. e5 g5 34.
Kf2 g4 35. Bd1 h5 36. Kg3 Rh8 37. Kh4 Bf1 38. Rb2 Kg6 39. Ba4 Rc8 40. Kg3 Bd3
41. Kf2 h4 42. Ke3 Bb5 43. Bxb5 cxb5 44. Kd4 a6 45. Bb6 Kf7 46. Rc2 Rc6 47. Rc3
Ke8 48. Ra3 Rb7 49. Rxa6 Kd7 50. Ra8 Rc8 51. c6+ 1-0

[Event "English Womens Open Championship"]
[Site "Kenilworth"]
[Date "2023.05.29"]
[Round "7.10"]
[White "Gamal, Alaa"]
[Black "Sheikh, Anum"]
[Result "0-1"]
[WhiteElo "1752"]
[BlackElo "1751"]
[PlyCount "90"]
[EventDate "2023.05.26"]
[EventType "swiss"]
[EventRounds "7"]
[EventCountry "ENG"]
[SourceTitle "BritBase"]
[Source "John Saunders"]
[SourceDate "2023.05.30"]
[SourceVersion "1"]
[SourceVersionDate "2023.05.30"]
[SourceQuality "1"]

1. d4 d5 2. Nc3 Nf6 3. Bf4 Bf5 4. Nb5 Na6 5. e3 c6 6. Nc3 Nc7 7. f3 e6 8. g4
Bg6 9. h4 h5 10. g5 Nd7 11. Bd3 Bxd3 12. Qxd3 c5 13. O-O-O c4 14. Qf1 b5 15. e4
b4 16. Na4 Be7 17. Bxc7 Qxc7 18. exd5 exd5 19. Qe2 Kd8 20. Re1 Re8 21. Kb1 g6
22. Nh3 Kc8 23. Qh2 Kb7 24. Qxc7+ Kxc7 25. c3 a5 26. Kc2 Bd6 27. f4 Kc6 28. Kd2
Rab8 29. Rxe8 Rxe8 30. b3 Re4 31. Re1 bxc3+ 32. Nxc3 Rxd4+ 33. Kc2 Rd3 34. Nf2
Rxc3+ 35. Kb2 Rf3 36. Nd1 Bb4 37. Re8 c3+ 38. Kc2 d4 39. Rc8+ Kb7 40. Rc4 d3+
41. Kc1 Ba3+ 42. Kb1 c2+ 43. Rxc2 dxc2+ 44. Kxc2 Rxf4 45. Ne3 Rxh4 0-1

[Event "English Womens Open Championship"]
[Site "Kenilworth"]
[Date "2023.05.29"]
[Round "7.11"]
[White "Walker, Kate"]
[Black "Sengenberger, Sara"]
[Result "0-1"]
[WhiteElo "1541"]
[BlackElo "1415"]
[PlyCount "74"]
[EventDate "2023.05.26"]
[EventType "swiss"]
[EventRounds "7"]
[EventCountry "ENG"]
[SourceTitle "BritBase"]
[Source "John Saunders"]
[SourceDate "2023.05.30"]
[SourceVersion "1"]
[SourceVersionDate "2023.05.30"]
[SourceQuality "1"]

1. d4 e6 2. c4 f5 3. Nc3 Nf6 4. g3 d5 5. cxd5 exd5 6. Bg2 c6 7. Nf3 Bd6 8. Qb3
Nbd7 9. Nd2 Ne4 10. e3 Ndf6 11. Ndxe4 fxe4 12. Bd2 Qe7 13. O-O-O O-O 14. h3 Be6
15. Ne2 c5 16. dxc5 Bxc5 17. Nf4 Bf7 18. Qa4 b5 19. Qa6 Rfd8 20. Bc3 Rd6 21.
Qxb5 Rb6 22. Qe2 Rc8 23. Kb1 Ba3 24. Rc1 Rxc3 25. Rxc3 Rxb2+ 26. Qxb2 Bxb2 27.
Kxb2 g5 28. Ne2 Qb4+ 29. Kc2 Qa4+ 30. Kb2 d4 31. Nxd4 Qxa2+ 32. Kc1 Nd5 33. Rc2
Qa3+ 34. Kd2 Qb4+ 35. Ke2 Nc3+ 36. Kf1 Qb1+ 37. Rc1 Qxc1# 0-1